Manažment služieb – prípadové štúdie
Na minha lista:
| Autor principal: | |
|---|---|
| Autor Corporativo: | |
| Outros Autores: | , |
| Formato: | Livro |
| Idioma: | eslovaco |
| Publicado em: |
Bratislava
Vydavateľstvo EKONÓM
2021
|
| Edição: | 1. vydanie |
| Assuntos: | |
| Tags: |
Sem tags, seja o primeiro a adicionar uma tag!
|
MARC
| LEADER | 00000nam a2200000 4500 | ||
|---|---|---|---|
| 001 | 0280918 | ||
| 005 | 20240502074348.7 | ||
| 020 | |a 978-80-225-4877-9 | ||
| 041 | 0 | |a slo | |
| 044 | |a SK | ||
| 245 | 1 | 0 | |a Manažment služieb – prípadové štúdie |c Viera Kubičková ; recenzenti: Miroslava Čukanová, Gabriela Pajtinková - Bartáková |
| 250 | |a 1. vydanie | ||
| 264 | 1 | |a Bratislava |b Vydavateľstvo EKONÓM |c 2021 | |
| 300 | |a 95 s. [4,403 AH] | ||
| 610 | 2 | 0 | |a manažment |
| 610 | 2 | 0 | |a služby |
| 610 | 2 | 0 | |a štúdie prípadové |
| 610 | 2 | 0 | |a starostlivosť o zákazníkov |
| 610 | 2 | 0 | |a zodpovednosť podniku spoločenská |
| 610 | 2 | 0 | |a podnik služieb |
| 610 | 2 | 0 | |a kvalita služieb |
| 100 | 1 | |a Kubičková, Viera, 1970- | |
| 700 | 1 | |a Čukanová, Miroslava, 1984- | |
| 700 | 1 | |a Pajtinková - Bartáková, Gabriela | |
| 710 | 2 | |a Ekonomická univerzita v Bratislave. Obchodná fakulta | |